000 01084cam1a220028900 4500
001 lce00601709
005 20190822123858.0
008 710920s1967 caua b 000 0 eng
010 _a 67012182 //r902
035 _a(Sirsi) r52774
035 _a(DLC) 67012182 //r902
035 _a(UPRA)lce00601709
040 _aDLC
_cDLC
_dDLC
050 0 0 _aQL750
_b.S3
082 0 0 _a156/.2/08
130 0 _aScientific American.
245 1 0 _aPsychobiology: the biological bases of behavior;
_breadings from Scientific American.
_cWith introductions by James L. McGaugh, Norman M. Weinberger [and] Richard E. Whalen.
260 _aSan Francisco,
_bW. H. Freeman
_c[1967]
504 _a"Biographies and bibliographies": p. [367]-378.
650 0 _aAnimal behavior.
_6S8.2
650 0 _aPsychophysiology.
_6S2214.1
700 1 _aMcGaugh, James L.
_6A11377.1
949 _aQL750
_wlcc
_i-67207
_mMAIN
_tBOOK
_lON-SHELF
949 _aQL750
_wlcc
_i33729001471551
_mMAIN
_p2500
_tSHORTLOAN
_lSHORTLOAN
949 _aQL750
_wlcc
_i33729001471619
_mMAIN
_p2500
_tSHORTLOAN
_lSHORTLOAN
004 52774
999 _c136426
_d136426